[Event "GER-ch Net blitz qual4"]
[Site "Playchess.com INT"]
[Date "2021.05.10"]
[Round "1"]
[White "Hagenbach, Udo"]
[Black "Wagner, Jochen"]
[Result "1-0"]
[WhiteElo "1855"]
[BlackElo "1431"]
[PlyCount "65"]
[EventDate "2021.05.10"]
[EventType "swiss (blitz)"]
[EventRounds "11"]
[EventCountry "GER"]
[SourceTitle "CBM 202 Extra"]
[Source "ChessBase"]
[SourceDate "2021.07.31"]
[SourceVersion "1"]
[SourceVersionDate "2021.07.31"]
[SourceQuality "1"]

1. c4 e6 2. g3 f5 3. Bg2 Nf6 4. Nc3 c6 5. Nf3 Be7 6. 0-0 0-0 7. d3 d6 8. e4 fxe4 9. dxe4 e5 10. Bg5 Bg4 11. h3 Bxf3 12. Bxf3 Nbd7 13. Bg2 Qe8 14. b3 Qg6 15. Be3 a6 16. Qe2 Nh5 17. Qg4 Qxg4 18. hxg4 Nhf6 19. g5 Ng4 20. Bd2 h6 21. Bh3 h5 22. f3 b5 23. fxg4 Rxf1+ 24. Rxf1 hxg4 25. Bxg4 Nc5 26. b4 Nd3 27. Be6+ Kh7 28. Rf7 Ra7 29. Bf5+ Kg8 30. g6 Nxb4 31. Bg5 Bxg5 32. Rxa7 Bd2 33. Ra8# 1-0

[Event "GER-ch Net blitz qual3"]
[Site "Playchess.com INT"]
[Date "2021.05.07"]
[Round "10"]
[White "Mester, Philipp"]
[Black "Wagner, Jochen"]
[Result "1-0"]
[WhiteElo "1530"]
[BlackElo "1410"]
[PlyCount "81"]
[EventDate "2021.05.07"]
[EventType "swiss (blitz)"]
[EventRounds "11"]
[EventCountry "GER"]
[SourceTitle "CBM 202 Extra"]
[Source "ChessBase"]
[SourceDate "2021.07.31"]
[SourceVersion "1"]
[SourceVersionDate "2021.07.31"]
[SourceQuality "1"]

1. e4 e6 2. d4 d5 3. Nd2 c5 4. exd5 cxd4 5. dxe6 Bxe6 6. Ngf3 Nf6 7. Nb3 Nc6 8. Nbxd4 Nxd4 9. Qxd4 Qxd4 10. Nxd4 Bd5 11. Bb5+ Nd7 12. 0-0 Bc5 13. Re1+ Kd8 14. Nf5 g6 15. Ne3 Be6 16. Nc4 a6 17. Bxd7 Bxd7 18. Ne5 Re8 19. Bg5+ Kc7 20. Nxf7 Rf8 21. Ne5 Bxf2+ 22. Kh1 Bxe1 23. Rxe1 Rae8 24. Bh4 Rf5 25. Bg3 Kc8 26. Kg1 Be6 27. Nd3 Bd7 28. Rd1 Rd5 29. c4 Rd4 30. Bf2 Rxc4 31. Nc5 Rxc5 32. Bxc5 Re2 33. Bd4 Bf5 34. Kf1 Re4 35. Kf2 Kb8 36. h3 Re8 37. g4 Bd7 38. Kf3 Bc6+ 39. Kg3 Re2 40. Bf2 Rxb2 41. Rd8+ 1-0

[Event "GER-ch Net blitz qual3"]
[Site "Playchess.com INT"]
[Date "2021.05.07"]
[Round "2"]
[White "Speck, Stefan"]
[Black "Wagner, Jochen"]
[Result "1-0"]
[WhiteElo "1700"]
[BlackElo "1410"]
[PlyCount "75"]
[EventDate "2021.05.07"]
[EventType "swiss (blitz)"]
[EventRounds "11"]
[EventCountry "GER"]
[SourceTitle "CBM 202 Extra"]
[Source "ChessBase"]
[SourceDate "2021.07.31"]
[SourceVersion "1"]
[SourceVersionDate "2021.07.31"]
[SourceQuality "1"]

1. e4 e6 2. d4 d5 3. Nc3 c5 4. exd5 exd5 5. dxc5 Bxc5 6. Qxd5 Qxd5 7. Nxd5 Bd6 8. Bf4 Bxf4 9. Nxf4 Nf6 10. Bb5+ Bd7 11. Bxd7+ Nbxd7 12. Nf3 0-0 13. 0-0 Rac8 14. c3 h6 15. Rad1 g5 16. Nd5 Nxd5 17. Rxd5 Nf6 18. Rd2 Rcd8 19. Rfd1 Rxd2 20. Rxd2 Re8 21. h3 Ne4 22. Rd7 Nc5 23. Rc7 Nd3 24. Rxb7 Re2 25. Rxa7 Rxb2 26. a4 Rb3 27. a5 Rxc3 28. a6 Kg7 29. Rd7 Ra3 30. a7 Nf4 31. Ne5 Ra1+ 32. Kh2 Kf6 33. Nxf7 Ra2 34. Nxh6 Kg6 35. Ng4 Ne6 36. Ne5+ Kf5 37. Nc6 Nc5 38. Rd5+ 1-0

[Event "GER-ch Net blitz qual2"]
[Site "Playchess.com INT"]
[Date "2021.05.04"]
[Round "8"]
[White "Hausmann, Ulrich"]
[Black "Wagner, Jochen"]
[Result "0-1"]
[WhiteElo "1580"]
[BlackElo "1361"]
[PlyCount "178"]
[EventDate "2021.05.04"]
[EventType "swiss (blitz)"]
[EventRounds "11"]
[EventCountry "GER"]
[SourceTitle "CBM 202 Extra"]
[Source "ChessBase"]
[SourceDate "2021.07.31"]
[SourceVersion "1"]
[SourceVersionDate "2021.07.31"]
[SourceQuality "1"]

1. f4 e6 2. Nf3 f5 3. e3 Nf6 4. d4 Be7 5. c3 Nc6 6. Bd3 b6 7. 0-0 Bb7 8. Nbd2 Rb8 9. Be2 0-0 10. Ne5 Nxe5 11. fxe5 Ne4 12. Nxe4 Bxe4 13. Bd3 Bb7 14. Bd2 Qe8 15. Qa4 Qg6 16. g3 Bh4 17. Be1 Qg4 18. Qd1 Qh3 19. Qe2 Bg5 20. e4 f4 21. Qf3 fxg3 22. Qxg3 Be3+ 23. Bf2 Bxf2+ 24. Rxf2 Qxg3+ 25. hxg3 Rxf2 26. Kxf2 Rf8+ 27. Kg2 a5 28. c4 h6 29. a3 Ra8 30. d5 exd5 31. exd5 Re8 32. Re1 b5 33. b3 c6 34. e6 dxe6 35. dxe6 bxc4 36. Bxc4 c5+ 37. Kh3 Kf8 38. Kg4 Ke7 39. Kf5 Rf8+ 40. Kg6 Rf3 41. Kxg7 Rxg3+ 42. Kxh6 a4 43. Rd1 Bc6 44. bxa4 Rxa3 45. Rf1 Rh3+ 46. Kg5 Rg3+ 47. Kh4 Rc3 48. Rf7+ Ke8 49. Ba2 Bxa4 50. Ra7 Bb3 51. Bxb3 Rxb3 52. Rc7 Rc3 53. Kg5 Re3 54. Kf6 Rf3+ 55. Ke5 Rc3 56. Kd5 c4 57. Kd6 Rd3+ 58. Ke5 Re3+ 59. Kd5 c3 60. Kd4 Rxe6 61. Rxc3 Rd6+ 62. Ke5 Rd7 63. Ke6 Re7+ 64. Kf6 Rf7+ 65. Kg6 Re7 66. Rc7 Rxc7 67. Kf6 Re7 68. Kf5 Kd8 69. Kf6 Kd7 70. Kf5 Kd6 71. Kf6 Kd7 72. Kf5 Re6 73. Kf4 Kd6 74. Kf5 Kd5 75. Kf4 Re5 76. Kf3 Kd4 77. Kf4 Kd5 78. Kf3 Re4 79. Kf2 Ke5 80. Kf3 Kd4 81. Kg3 Ke3 82. Kg2 Rf4 83. Kg3 Ke4 84. Kg2 Rf3 85. Kg1 Ke3 86. Kg2 Ke2 87. Kh1 Kf2 88. Kh2 Rg3 89. Kh1 Rh3# 0-1

[Event "GER-ch Net blitz qual1"]
[Site "Playchess.com INT"]
[Date "2021.04.24"]
[Round "6"]
[White "Kirschfink, Bernd"]
[Black "Wagner, Jochen"]
[Result "0-1"]
[WhiteElo "1620"]
[BlackElo "1472"]
[PlyCount "68"]
[EventDate "2021.04.24"]
[EventType "swiss (blitz)"]
[EventRounds "11"]
[EventCountry "GER"]
[SourceTitle "CBM 202 Extra"]
[Source "ChessBase"]
[SourceDate "2021.07.31"]
[SourceVersion "1"]
[SourceVersionDate "2021.07.31"]
[SourceQuality "1"]

1. d4 e6 2. c4 f5 3. Nf3 Nf6 4. Bg5 Be7 5. e3 b6 6. Nc3 Bb7 7. Be2 0-0 8. 0-0 Ne4 9. Bxe7 Qxe7 10. Rc1 Na6 11. a3 Rab8 12. Ne5 d6 13. Nd3 Qg5 14. Bf3 Nxc3 15. Rxc3 Bxf3 16. Qxf3 Rf6 17. Nf4 Rbf8 18. g3 Qg4 19. Qxg4 fxg4 20. e4 c6 21. e5 dxe5 22. dxe5 Rxf4 23. gxf4 Rxf4 24. Re1 Nc5 25. b4 Ne4 26. Rce3 Nxf2 27. R1e2 Nh3+ 28. Kg2 Rxc4 29. Rd2 h6 30. Rd6 Kh7 31. Rxe6 Rc2+ 32. Kg3 Rc1 33. Kxg4 Nf2+ 34. Kf3 Nh3 0-1

[Event "GER Cup Net Final-C U1600"]
[Site "Playchess.com INT"]
[Date "2020.06.06"]
[Round "6"]
[White "Birk, Wilfried Christoph"]
[Black "Wagner, Jochen"]
[Result "1-0"]
[WhiteElo "1405"]
[BlackElo "1344"]
[PlyCount "69"]
[EventDate "2020.06.06"]
[EventType "swiss (blitz)"]
[EventRounds "13"]
[EventCountry "GER"]
[SourceTitle "CBM 197 Extra"]
[Source "ChessBase"]
[SourceDate "2020.09.30"]
[SourceVersion "1"]
[SourceVersionDate "2020.09.30"]
[SourceQuality "1"]

1. d4 e6 2. Nf3 f5 3. Bf4 b6 4. e3 Bb7 5. Nbd2 Nf6 6. c3 Be7 7. Be2 d6 8. 0-0 Nh5 9. Rc1 Nxf4 10. exf4 0-0 11. g3 Qe8 12. Bc4 d5 13. Bd3 a5 14. Ne5 Nc6 15. Ndf3 Rf6 16. Bb5 Bd6 17. Qa4 Bxe5 18. Nxe5 Qh5 19. Bxc6 Rh6 20. h4 Bxc6 21. Qxc6 Rf8 22. Qxc7 Qe2 23. Qxb6 g5 24. fxg5 Rh5 25. Rce1 Qc2 26. Qxe6+ Kg7 27. Qe7+ Kg8 28. Qe6+ Kg7 29. Qd7+ Kg8 30. Nf3 f4 31. Qe6+ Rf7 32. Qe8+ Rf8 33. Qxh5 fxg3 34. fxg3 Qxb2 35. Re7 1-0

[Event "GER Cup Net Final-C U1600"]
[Site "Playchess.com INT"]
[Date "2020.06.06"]
[Round "2"]
[White "Kauschanski, Nicolas"]
[Black "Wagner, Jochen"]
[Result "1/2-1/2"]
[WhiteElo "1469"]
[BlackElo "1344"]
[PlyCount "149"]
[EventDate "2020.06.06"]
[EventType "swiss (blitz)"]
[EventRounds "13"]
[EventCountry "GER"]
[SourceTitle "CBM 197 Extra"]
[Source "ChessBase"]
[SourceDate "2020.09.30"]
[SourceVersion "1"]
[SourceVersionDate "2020.09.30"]
[SourceQuality "1"]

1. d4 e6 2. Bf4 f5 3. Nf3 Nf6 4. e3 Be7 5. Bd3 d6 6. c4 0-0 7. h3 Qe8 8. Nc3 Nbd7 9. 0-0 a5 10. a3 b6 11. Qe2 Bb7 12. Rab1 Nh5 13. Bh2 e5 14. dxe5 f4 15. exd6 Bxd6 16. exf4 Qxe2 17. Bxe2 Nxf4 18. Bxf4 Rxf4 19. Rbd1 Raf8 20. Rd4 Bxf3 21. Rxf4 Rxf4 22. Bxf3 Ne5 23. Bd5+ Kh8 24. g3 Rd4 25. Rd1 Rxd1+ 26. Nxd1 Nd3 27. Be4 Ne5 28. Ne3 g6 29. h4 Bc5 30. Nd5 c6 31. Ne3 Kg7 32. Kg2 Kf6 33. f4 Bxe3 34. fxe5+ Kxe5 35. Bxc6 Bc1 36. a4 Bxb2 37. Bb5 Bc3 38. Kf3 Be1 39. Kg4 Bd2 40. Kh3 h5 41. g4 hxg4+ 42. Kxg4 Kf6 43. Be8 Bc1 44. h5 gxh5+ 45. Kxh5 Ke5 46. Bb5 Kd4 47. Kg6 Bd2 48. Kf6 Bb4 49. Ke6 Bc5 50. Kd7 Kc3 51. Kc6 Kb3 52. Kd5 Kc3 53. Ke4 Kb3 54. Kd3 Kb4 55. Kc2 Ka3 56. Kc3 Ka2 57. Kc2 Ka3 58. Kc1 Be3+ 59. Kc2 Bd4 60. Kd3 Bc5 61. Ke4 Kb4 62. Kd5 Kb3 63. Kc6 Kb4 64. Kb7 Ka3 65. Ka6 Kb4 66. Ka7 Kc3 67. Kb7 Kb4 68. Ka6 Kb3 69. Ka7 Kb4 70. Kb7 Kb3 71. Kc6 Kb4 72. Kd7 Kb3 73. Ke6 Kb4 74. Kd5 Kb3 75. Kc6 1/2-1/2

[Event "GER Cup Net Final-C U1600"]
[Site "Playchess.com INT"]
[Date "2020.06.06"]
[Round "9"]
[White "Lang, Dirk"]
[Black "Wagner, Jochen"]
[Result "0-1"]
[WhiteElo "1251"]
[BlackElo "1344"]
[PlyCount "86"]
[EventDate "2020.06.06"]
[EventType "swiss (blitz)"]
[EventRounds "13"]
[EventCountry "GER"]
[SourceTitle "CBM 197 Extra"]
[Source "ChessBase"]
[SourceDate "2020.09.30"]
[SourceVersion "1"]
[SourceVersionDate "2020.09.30"]
[SourceQuality "1"]

1. e4 e6 2. d4 d5 3. e5 c5 4. c3 Nc6 5. Nf3 Bd7 6. a3 f6 7. Bb5 Qc7 8. exf6 Nxf6 9. Bg5 h6 10. Bh4 g5 11. Bg3 Qb6 12. Bxc6 Bxc6 13. dxc5 Bxc5 14. 0-0 0-0-0 15. Be5 Rhf8 16. Bd4 Ne4 17. a4 Rxf3 18. gxf3 Bxd4 19. Qxd4 Qxd4 20. cxd4 Nf6 21. Nc3 Rf8 22. Kg2 a6 23. b4 Bd7 24. Rfc1 Kb8 25. b5 axb5 26. axb5 Nh5 27. Ra5 Nf4+ 28. Kh1 Nd3 29. Rca1 Rxf3 30. Ra8+ Kc7 31. R1a3 Rxf2 32. Nd1 Rf1+ 33. Kg2 Rxd1 34. Rc3+ Kb6 35. Raa3 Nf4+ 36. Kf3 Rxd4 37. Ke3 Re4+ 38. Kf3 Bxb5 39. Rab3 Rc4 40. Rd3 Nxd3 41. Rxd3 Rf4+ 42. Ke3 Bxd3 43. Kxd3 Kc5 0-1

[Event "GER Cup Net V4 U1600"]
[Site "Playchess.com INT"]
[Date "2020.05.31"]
[Round "3"]
[White "Klemens, Peter"]
[Black "Wagner, Jochen"]
[Result "1-0"]
[WhiteElo "1686"]
[BlackElo "1411"]
[PlyCount "31"]
[EventDate "2020.05.31"]
[EventType "swiss (blitz)"]
[EventRounds "9"]
[EventCountry "GER"]
[SourceTitle "EXT 2021"]
[Source "ChessBase"]
[SourceDate "2020.10.23"]
[SourceVersion "1"]
[SourceVersionDate "2020.10.23"]
[SourceQuality "1"]

1. d4 e6 2. Nf3 f5 3. c3 Nf6 4. Bf4 Be7 5. e3 d6 6. Be2 Nh5 7. Bg3 Nxg3 8. hxg3 0-0 9. Nbd2 Qe8 10. Kf1 b6 11. Kg1 Bb7 12. Qc2 Nd7 13. e4 Qg6 14. exf5 Qxf5 15. Bd3 Qf7 16. Bxh7+ 1-0

[Event "GER Cup Net V4 U1600"]
[Site "Playchess.com INT"]
[Date "2020.05.31"]
[Round "7"]
[White "Tonne, Grant Hendrik"]
[Black "Wagner, Jochen"]
[Result "1-0"]
[WhiteElo "1620"]
[BlackElo "1411"]
[PlyCount "53"]
[EventDate "2020.05.31"]
[EventType "swiss (blitz)"]
[EventRounds "9"]
[EventCountry "GER"]
[SourceTitle "EXT 2021"]
[Source "ChessBase"]
[SourceDate "2020.10.23"]
[SourceVersion "1"]
[SourceVersionDate "2020.10.23"]
[SourceQuality "1"]

1. e4 e6 2. d4 d5 3. e5 c5 4. dxc5 Bxc5 5. Nc3 Nc6 6. Nf3 Bd7 7. Bd3 Qc7 8. Nb5 Qb6 9. 0-0 a6 10. Nd6+ Bxd6 11. exd6 0-0-0 12. Qe1 Nf6 13. c3 Na7 14. Be3 Qxb2 15. Bxa7 Bc6 16. Ne5 Rhf8 17. Nxc6 bxc6 18. Rb1 Qxa2 19. Rb8+ Kd7 20. Rxd8+ Rxd8 21. Qe3 Kxd6 22. Bb6 Rb8 23. Qf4+ e5 24. Qb4+ Kd7 25. Bf5+ Ke8 26. Qd6 Qb2 27. Qxb8+ 1-0

[Event "GER Cup Net V3 U1600"]
[Site "Playchess.com INT"]
[Date "2020.05.27"]
[Round "3"]
[White "Wagner, Jochen"]
[Black "Watermann, Bernd"]
[Result "0-1"]
[WhiteElo "1398"]
[BlackElo "1599"]
[PlyCount "118"]
[EventDate "2020.05.27"]
[EventType "swiss (blitz)"]
[EventRounds "9"]
[EventCountry "GER"]
[SourceTitle "EXT 2021"]
[Source "ChessBase"]
[SourceDate "2020.10.23"]
[SourceVersion "1"]
[SourceVersionDate "2020.10.23"]
[SourceQuality "1"]

1. d4 d5 2. c4 e6 3. Nc3 f5 4. Nf3 Nf6 5. Bg5 Be7 6. e3 0-0 7. Bd3 Ne4 8. Bxe7 Qxe7 9. Qc2 c6 10. Ne5 Nd7 11. 0-0 Nxe5 12. dxe5 Bd7 13. cxd5 exd5 14. Nxe4 fxe4 15. Be2 Qxe5 16. f3 Bf5 17. f4 Qe6 18. Qb3 Rf7 19. a4 a6 20. Qb6 Raf8 21. g3 Bg4 22. Bxg4 Qxg4 23. b4 Qe2 24. Rae1 Qd3 25. Rd1 Qe2 26. Rfe1 Qg4 27. b5 axb5 28. axb5 Rc8 29. bxc6 Rxc6 30. Qd8+ Rf8 31. Qxd5+ Kh8 32. Qxe4 Rh6 33. Qe7 Rg8 34. Rd8 Re6 35. Rxg8+ Kxg8 36. Qd8+ Kf7 37. Qd7+ Kg6 38. Qxb7 h5 39. Qg2 Kh6 40. h3 Qf5 41. g4 hxg4 42. Qxg4 Rg6 43. Kh2 Rxg4 44. hxg4 Qxg4 45. Rg1 Qe2+ 46. Rg2 Qxe3 47. Kh1 Qxf4 48. Rh2+ Kg6 49. Rg2+ Kf6 50. Kg1 g5 51. Rf2 Kf5 52. Rxf4+ Kxf4 53. Kf2 Kg4 54. Kg1 Kg3 55. Kh1 g4 56. Kg1 Kf3 57. Kf1 g3 58. Kg1 g2 59. Kh2 Kf2 0-1

[Event "GER Cup Net V2 U1600"]
[Site "Playchess.com INT"]
[Date "2020.05.22"]
[Round "7"]
[White "Karpe, Sebastian"]
[Black "Wagner, Jochen"]
[Result "1-0"]
[WhiteElo "1321"]
[BlackElo "1447"]
[PlyCount "93"]
[EventDate "2020.05.22"]
[EventType "swiss (blitz)"]
[EventRounds "9"]
[EventCountry "GER"]
[SourceTitle "EXT 2021"]
[Source "ChessBase"]
[SourceDate "2020.10.23"]
[SourceVersion "1"]
[SourceVersionDate "2020.10.23"]
[SourceQuality "1"]

1. d4 e6 2. c4 f5 3. Nc3 Nf6 4. Bf4 Bb4 5. Qc2 Ne4 6. e3 0-0 7. Nge2 d6 8. h3 Nc6 9. Bh2 Qe8 10. a3 Bxc3+ 11. Nxc3 Qg6 12. g3 b6 13. Bg2 Qf7 14. 0-0-0 Bb7 15. Kb1 Na5 16. f3 Nf6 17. f4 Nxc4 18. Bxb7 Nxe3 19. Qe2 Nxd1 20. Rxd1 Rab8 21. Bf3 d5 22. g4 Qd7 23. g5 Ne8 24. h4 g6 25. h5 Nd6 26. hxg6 hxg6 27. Bg1 Nc4 28. Qh2 Kg7 29. Bf2 Rh8 30. Qg2 b5 31. Rh1 a5 32. Rxh8 Kxh8 33. Qh3+ Kg7 34. Qf1 b4 35. axb4 Rxb4 36. Be1 Rxb2+ 37. Kc1 Ne3 38. Qh3 Rc2+ 39. Kb1 Qc8 40. Qh6+ Kf7 41. Qh7+ Ke8 42. Qxg6+ Kd7 43. Qf7+ Kc6 44. Bxd5+ exd5 45. Qf6+ Kb7 46. Qe6 Ka7 47. Nb5+ 1-0

[Event "GER Cup Net V2 U1600"]
[Site "Playchess.com INT"]
[Date "2020.05.22"]
[Round "1"]
[White "Kuever, Bastian"]
[Black "Wagner, Jochen"]
[Result "1-0"]
[WhiteElo "1645"]
[BlackElo "1447"]
[PlyCount "81"]
[EventDate "2020.05.22"]
[EventType "swiss (blitz)"]
[EventRounds "9"]
[EventCountry "GER"]
[SourceTitle "EXT 2021"]
[Source "ChessBase"]
[SourceDate "2020.10.23"]
[SourceVersion "1"]
[SourceVersionDate "2020.10.23"]
[SourceQuality "1"]

1. e4 e6 2. d4 d5 3. Nc3 c5 4. exd5 exd5 5. Bb5+ Nc6 6. Qe2+ Be6 7. Nf3 c4 8. Bf4 Bd6 9. Ne5 Nge7 10. 0-0 0-0 11. Bxc6 Nxc6 12. Nxc6 bxc6 13. Bg3 Bxg3 14. fxg3 Qb6 15. Nd1 Qxd4+ 16. Kh1 Qxb2 17. Nxb2 Rae8 18. Qh5 g6 19. Qh6 Bf5 20. Rxf5 gxf5 21. Rf1 Re6 22. Qg5+ Rg6 23. Qxf5 Rg7 24. h3 Re8 25. Qd7 Rf8 26. Nd1 f6 27. Qe6+ Rgf7 28. Rxf6 Kg7 29. Rxf7+ Rxf7 30. Qxc6 Rf1+ 31. Kh2 Rxd1 32. Qd7+ Kf6 33. Qd6+ Kf5 34. Qf4+ Ke6 35. Qg4+ Kd6 36. Qxd1 Kc5 37. c3 a5 38. Qd4+ Kb5 39. Qxd5+ Ka4 40. Qxc4+ Ka3 41. Qb3# 1-0

[Event "GER Cup Net V2 U1600"]
[Site "Playchess.com INT"]
[Date "2020.05.22"]
[Round "5"]
[White "Wagner, Jochen"]
[Black "Kauschanski, Nicolas"]
[Result "0-1"]
[WhiteElo "1447"]
[BlackElo "1275"]
[PlyCount "70"]
[EventDate "2020.05.22"]
[EventType "swiss (blitz)"]
[EventRounds "9"]
[EventCountry "GER"]
[SourceTitle "EXT 2021"]
[Source "ChessBase"]
[SourceDate "2020.10.23"]
[SourceVersion "1"]
[SourceVersionDate "2020.10.23"]
[SourceQuality "1"]

1. d4 Nf6 2. c4 g6 3. Nc3 d5 4. Nf3 Bg7 5. e3 b6 6. Bd3 c5 7. cxd5 Nxd5 8. Be4 Bb7 9. 0-0 Nxc3 10. bxc3 Bxe4 11. Qb3 0-0 12. Ng5 Bd5 13. Qd1 Bb7 14. Qg4 Nd7 15. e4 Nf6 16. Qh4 h6 17. Nf3 Nxe4 18. Bxh6 e6 19. Qh3 Nf6 20. Rae1 Bxf3 21. Bxg7 Bxg2 22. Qxg2 Kxg7 23. Re3 cxd4 24. Rh3 dxc3 25. Rxc3 Rh8 26. Rf3 Qd5 27. Re1 Qxa2 28. Ree3 Qb1+ 29. Qf1 Qxf1+ 30. Kxf1 a5 31. Rb3 a4 32. Rxb6 a3 33. Rb1 a2 34. Ra1 Rxh2 35. Rb3 Rh1+ 0-1

[Event "GER Cup Net V2 U1600"]
[Site "Playchess.com INT"]
[Date "2020.05.22"]
[Round "9"]
[White "Wagner, Jochen"]
[Black "Schell, Andreas"]
[Result "0-1"]
[WhiteElo "1447"]
[BlackElo "1502"]
[PlyCount "82"]
[EventDate "2020.05.22"]
[EventType "swiss (blitz)"]
[EventRounds "9"]
[EventCountry "GER"]
[SourceTitle "EXT 2021"]
[Source "ChessBase"]
[SourceDate "2020.10.23"]
[SourceVersion "1"]
[SourceVersionDate "2020.10.23"]
[SourceQuality "1"]

1. d4 d5 2. c4 e6 3. Nc3 Nf6 4. Bg5 Bb4 5. Bxf6 Qxf6 6. e3 0-0 7. a3 Bxc3+ 8. bxc3 Nd7 9. Nf3 c5 10. Be2 b6 11. 0-0 Bb7 12. Bd3 Qe7 13. h4 Nf6 14. Ng5 h6 15. Nh3 dxc4 16. Bxc4 Ne4 17. Qc2 Nd6 18. Bd3 cxd4 19. exd4 Qxh4 20. f3 Rac8 21. Qf2 Qf6 22. Rac1 Nc4 23. Bxc4 Rxc4 24. Qg3 Rfc8 25. Nf4 Qg5 26. Qxg5 hxg5 27. Ne2 Ba6 28. Rf2 Ra4 29. Kh2 Rxa3 30. Kg3 f5 31. Rh1 g6 32. f4 gxf4+ 33. Nxf4 Raxc3+ 34. Rf3 Rxf3+ 35. gxf3 Kf7 36. Rh7+ Kf6 37. d5 g5 38. Nxe6 Bc4 39. Rh6+ Ke7 40. Rh7+ Kd6 41. Nxg5 Kxd5 0-1

[Event "GER Cup Net V1 U1600"]
[Site "Playchess.com INT"]
[Date "2020.05.19"]
[Round "1"]
[White "Dietz, Helena"]
[Black "Wagner, Jochen"]
[Result "1-0"]
[WhiteElo "1620"]
[BlackElo "1391"]
[PlyCount "41"]
[EventDate "2020.05.19"]
[EventType "swiss (blitz)"]
[EventRounds "9"]
[EventCountry "GER"]
[SourceTitle "EXT 2021"]
[Source "ChessBase"]
[SourceDate "2020.10.23"]
[SourceVersion "1"]
[SourceVersionDate "2020.10.23"]
[SourceQuality "1"]

1. d4 f5 2. Bg5 Nf6 3. e3 d6 4. Bd3 e6 5. Nd2 Be7 6. Ngf3 0-0 7. c3 Qe8 8. Qb3 Nc6 9. Bxf5 d5 10. Bd3 Na5 11. Qc2 g6 12. 0-0-0 b6 13. Ne5 Bb7 14. h4 Ne4 15. Nxe4 dxe4 16. Bxe4 Bxe4 17. Qxe4 Rxf2 18. Bxe7 Qb5 19. Qxa8+ Kg7 20. Rd2 Rxd2 21. Qf8# 1-0

[Event "GER Cup Net V1 U1600"]
[Site "Playchess.com INT"]
[Date "2020.05.19"]
[Round "5"]
[White "Pottgiesser, Ulrich"]
[Black "Wagner, Jochen"]
[Result "0-1"]
[WhiteElo "1442"]
[BlackElo "1395"]
[PlyCount "44"]
[EventDate "2020.05.19"]
[EventType "swiss (blitz)"]
[EventRounds "9"]
[EventCountry "GER"]
[SourceTitle "EXT 2021"]
[Source "ChessBase"]
[SourceDate "2020.10.23"]
[SourceVersion "1"]
[SourceVersionDate "2020.10.23"]
[SourceQuality "1"]

1. e4 e6 2. d4 d5 3. e5 c5 4. c3 Nc6 5. Nf3 f6 6. Bd3 Qb6 7. dxc5 Bxc5 8. 0-0 fxe5 9. b4 Bd6 10. Be3 Qc7 11. b5 Nce7 12. a4 e4 13. Bxe4 dxe4 14. Ng5 Bxh2+ 15. Kh1 Bf4 16. Nxe4 Nf6 17. Nxf6+ gxf6 18. Qh5+ Ng6 19. Bxf4 Qxf4 20. Qc5 Bd7 21. Na3 b6 22. Qc7 Qxc7 0-1

[Event "GER Cup Net V1 U1600"]
[Site "Playchess.com INT"]
[Date "2020.05.19"]
[Round "4"]
[White "Wagner, Jochen"]
[Black "Schneider, Martin3"]
[Result "1-0"]
[WhiteElo "1374"]
[BlackElo "1620"]
[PlyCount "67"]
[EventDate "2020.05.19"]
[EventType "swiss (blitz)"]
[EventRounds "9"]
[EventCountry "GER"]
[SourceTitle "EXT 2021"]
[Source "ChessBase"]
[SourceDate "2020.10.23"]
[SourceVersion "1"]
[SourceVersionDate "2020.10.23"]
[SourceQuality "1"]

1. d4 Nf6 2. c4 c5 3. e3 cxd4 4. exd4 d5 5. c5 Nc6 6. Nf3 e6 7. Be3 b6 8. Bb5 Bd7 9. Qa4 Qc7 10. 0-0 bxc5 11. dxc5 Rb8 12. Bxc6 Bxc6 13. Qc2 Qb7 14. b3 g6 15. Ne5 Bg7 16. Nxc6 Qxc6 17. Nc3 0-0 18. Rad1 Ng4 19. Bd4 e5 20. Bxe5 Bxe5 21. Nxd5 Bxh2+ 22. Kh1 Be5 23. Ne7+ Kg7 24. Nxc6 Bf6 25. Nxb8 Rxb8 26. f3 Ne3 27. Qe2 Nxf1 28. Rxf1 Rc8 29. b4 a5 30. Qb5 axb4 31. Qxb4 Be7 32. Rc1 Kg8 33. Qb7 Re8 34. Re1 1-0